| 000 | 00458 a2200169 4500 | ||
|---|---|---|---|
| 005 | 20250509114538.0 | ||
| 008 | 250507b |||||||| |||| 00| 0 eng d | ||
| 020 |
_a9788173915393 _cRs. 1295.00 |
||
| 040 | _aMAIN | ||
| 082 |
_a370.1 _bS86P |
||
| 100 | _aShrivastava, K K | ||
| 245 | _aPhilosophical foundations of education | ||
| 260 |
_bKanishka Publishers and Distributors _c2023 _aNew Delhi |
||
| 300 | _axv, 374 | ||
| 650 | _aEducation | ||
| 942 | _cBK | ||
| 999 |
_c358551 _d358551 |
||